أسرى الحرب فى الاسلام والقانون الدولي / (Record no. 65927)
[ view plain ]
| 000 -LEADER | |
|---|---|
| fixed length control field | 01746nam a2200409 i 4500 |
| 003 - CONTROL NUMBER IDENTIFIER | |
| control field | EG-GICUC |
| 005 - DATE AND TIME OF LATEST TRANSACTION | |
| control field | 20260309225538.0 |
| 008 - FIXED-LENGTH DATA ELEMENTS--GENERAL INFORMATION | |
| fixed length control field | 260309s1983 ua ||||fr|||| 000 0 ara d |
| 040 ## - CATALOGING SOURCE | |
| Original cataloging agency | EG-GICUC |
| Language of cataloging | ara |
| Transcribing agency | EG-GICUC |
| Modifying agency | EG-GICUC |
| Description conventions | rda |
| 041 0# - LANGUAGE CODE | |
| Language code of text/sound track or separate title | ara |
| 082 04 - DEWEY DECIMAL CLASSIFICATION NUMBER | |
| Edition number | 21 |
| Classification number | 341.6 |
| Item number | م ح . أ |
| 092 04 - LOCALLY ASSIGNED DEWEY CALL NUMBER (OCLC) | |
| Edition number | 21 |
| 099 ## - LOCAL FREE-TEXT CALL NUMBER (OCLC) | |
| Classification number | Law1 11 1983 341.6 م ح . أ |
| 100 0# - MAIN ENTRY--PERSONAL NAME | |
| Personal name | محيي هلال السرحان ، |
| Relator term | مؤلف مشارك. |
| 245 10 - TITLE STATEMENT | |
| Title | أسرى الحرب فى الاسلام والقانون الدولي / |
| Statement of responsibility, etc. | صادر عن مجلة الرسالة الاسلامية . |
| 264 #1 - PRODUCTION, PUBLICATION, DISTRIBUTION, MANUFACTURE, AND COPYRIGHT NOTICE | |
| Place of production, publication, distribution, manufacture | العراق : |
| Name of producer, publisher, distributor, manufacturer | وزارة الأوقاف والشؤون الدينية ، |
| Date of production, publication, distribution, manufacture, or copyright notice | ١٩٨٣ . |
| 300 ## - PHYSICAL DESCRIPTION | |
| Extent | 124 ؛ صفحة |
| Dimensions | 24 سم |
| 336 ## - CONTENT TYPE | |
| Source | rda content |
| Content type term | text |
| 337 ## - MEDIA TYPE | |
| Source | rda media |
| Media type term | Computer |
| 338 ## - CARRIER TYPE | |
| Source | rda carrier |
| Carrier type term | Online Resource |
| 504 ## - BIBLIOGRAPHY, ETC. NOTE | |
| Bibliography, etc. note | يشتمل على ارجاعات ببليوجرافية |
| 546 ## - LANGUAGE NOTE | |
| Language note | النص باللغة العربية |
| 650 14 - SUBJECT ADDED ENTRY--TOPICAL TERM | |
| Topical term or geographic name entry element | القانون الدولي |
| Source of heading or term | qrmak |
| 650 14 - SUBJECT ADDED ENTRY--TOPICAL TERM | |
| Topical term or geographic name entry element | القانون الحربي |
| 651 1# - SUBJECT ADDED ENTRY--GEOGRAPHIC NAME | |
| Source of heading or term | qrmak |
| 700 0# - ADDED ENTRY--PERSONAL NAME | |
| Personal name | لبيد ابراهيم ، |
| Relator term | مؤلف مشارك. |
| 700 0# - ADDED ENTRY--PERSONAL NAME | |
| Personal name | رشدي عليان ، |
| Relator term | مؤلف مشارك. |
| 700 0# - ADDED ENTRY--PERSONAL NAME | |
| Personal name | عبدالستار حامد ، |
| Relator term | مؤلف مشارك. |
| 700 0# - ADDED ENTRY--PERSONAL NAME | |
| Personal name | نظام الدين عبدالحميد ، |
| Relator term | مؤلف مشارك. |
| 700 0# - ADDED ENTRY--PERSONAL NAME | |
| Personal name | عبدالله محمد الجبوري ، |
| Relator term | مؤلف مشارك. |
| 700 0# - ADDED ENTRY--PERSONAL NAME | |
| Personal name | ابراهيم الدبو ، |
| Relator term | مؤلف مشارك. |
| 700 0# - ADDED ENTRY--PERSONAL NAME | |
| Personal name | عبدالله عبدالحميد ، |
| Relator term | مؤلف. |
| 700 0# - ADDED ENTRY--PERSONAL NAME | |
| Personal name | سهيل حسين الفتلاوي ، |
| Relator term | مؤلف مشارك. |
| 856 40 - ELECTRONIC LOCATION AND ACCESS | |
| Uniform Resource Identifier | <a href="https://fll.law.cu.edu.eg/fulltext/bks/B11-04474.pdf">https://fll.law.cu.edu.eg/fulltext/bks/B11-04474.pdf</a> |
| 905 ## - Cataloger and Reviser Names | |
| Cataloger Name: | A'laa Ahmed |
| 942 ## - ADDED ENTRY ELEMENTS (KOHA) | |
| Source of classification or shelving scheme | Dewey Decimal Classification |
| Koha item type | Books |
| Edition | 21 |
| Suppress in OPAC | No |
| Withdrawn status | Lost status | Source of classification or shelving scheme | Damaged status | Not for loan | Collection | Home library | Current library | Date acquired | Total checkouts | Full call number | Barcode | Date last seen | Copy number | Price effective from | Koha item type |
|---|---|---|---|---|---|---|---|---|---|---|---|---|---|---|---|
| Dewey Decimal Classification | Not for loan | القانون الدولي العام | جــــامعة القــاهرة | مكتبة كلية الحقوق - المبنى الرئيسي | 10.03.2026 | Law1 11 1983 1104474 341.6 م ح . أ C1 | B11-04474 | 09.03.2026 | 1 | 09.03.2026 | Books |